[Event "Oklahoma State-ch"]
[Site "Broken Arrow"]
[Date "2012.07.22"]
[Round "5"]
[White "Galant, Sergey"]
[Black "Braunlich, Tom"]
[Result "1/2-1/2"]
[WhiteElo "2148"]
[BlackElo "2204"]
[PlyCount "81"]
[EventDate "2012.07.21"]
[EventType "swiss"]
[EventRounds "5"]
[EventCountry "USA"]
[SourceTitle "CBM 149 Extra"]
[Source "ChessBase"]
[SourceDate "2012.08.24"]
[SourceVersion "1"]
[SourceVersionDate "2012.08.24"]
[SourceQuality "1"]

1. e4 c5 2. Nf3 d6 3. c3 Nf6 4. Bc4 Nc6 5. d3 e6 6. Bg5 Be7 7. 0-0 0-0 8. Nbd2 h6 9. Bh4 a6 10. a4 Rb8 11. Re1 b5 12. axb5 axb5 13. Bb3 e5 14. Nf1 Be6 15. Bxe6 fxe6 16. d4 exd4 17. cxd4 Nh5 18. Bxe7 Qxe7 19. d5 Nb4 20. Ne3 Nf4 21. Ra3 exd5 22. Nxd5 Nbxd5 23. exd5 Qf7 24. Ra6 Rbd8 25. Re3 Qxd5 26. Qxd5+ Nxd5 27. Re1 Nf4 28. Rd1 d5 29. g3 Ne2+ 30. Kg2 d4 31. Ne5 c4 32. Ra5 c3 33. Nd3 cxb2 34. Nxb2 Nc3 35. Rd3 Rfe8 36. Kf1 Re2 37. Rxb5 Rxf2+ 38. Kxf2 Nxb5 39. Kf3 Nc3 40. Nd1 Nxd1 41. Rxd1 1/2-1/2

[Event "Oklahoma State-ch"]
[Site "Broken Arrow"]
[Date "2012.07.21"]
[Round "2"]
[White "Galant, Sergey"]
[Black "Zelnick, David E"]
[Result "1-0"]
[WhiteElo "2148"]
[BlackElo "2008"]
[PlyCount "113"]
[EventDate "2012.07.21"]
[EventType "swiss"]
[EventRounds "5"]
[EventCountry "USA"]
[SourceTitle "CBM 149 Extra"]
[Source "ChessBase"]
[SourceDate "2012.08.24"]
[SourceVersion "1"]
[SourceVersionDate "2012.08.24"]
[SourceQuality "1"]

1. e4 e6 2. b3 d5 3. exd5 exd5 4. Bb2 Nf6 5. Qe2+ Qe7 6. Bxf6 gxf6 7. Qxe7+ Bxe7 8. Nc3 c6 9. 0-0-0 Bf5 10. Nge2 Nd7 11. Nd4 Bg6 12. Re1 Kf8 13. g3 Bc5 14. Nce2 Kg7 15. Bh3 Rad8 16. f4 h6 17. Nf5+ Bxf5 18. Bxf5 Rhe8 19. Nc3 Nf8 20. Nd1 Ne6 21. c3 d4 22. c4 b5 23. cxb5 cxb5 24. Nb2 Ba3 25. Kb1 Nc5 26. Nd3 Nxd3 27. Bxd3 a6 28. Bf5 Kf8 29. Kc2 Bb4 30. Kd3 Re7 31. Rxe7 Kxe7 32. Rc1 Kd6 33. Be4 Bc5 34. b4 Bxb4 35. Rc6+ Ke7 36. Rxa6 Rd6 37. Ra7+ Rd7 38. Ra8 Rd8 39. Rxd8 Kxd8 40. Bc6 Kc7 41. Bxb5 Kb6 42. Bc4 Kc5 43. Bxf7 Ba5 44. Ke2 Kd6 45. d3 Ke7 46. Bg6 Ke6 47. g4 Bc7 48. Kf3 Ba5 49. Ke4 Bc3 50. a4 Kd6 51. Bf7 Ke7 52. Bc4 Ba5 53. h4 Bd2 54. g5 fxg5 55. fxg5 hxg5 56. hxg5 Bxg5 57. a5 1-0

[Event "Oklahoma City op 66th"]
[Site "Oklahoma"]
[Date "2011.07.09"]
[Round "1"]
[White "Kline, Les"]
[Black "Galant, Sergey"]
[Result "0-1"]
[WhiteElo "1852"]
[BlackElo "2148"]
[PlyCount "72"]
[EventDate "2011.07.09"]
[EventType "swiss"]
[EventRounds "5"]
[EventCountry "USA"]
[SourceTitle "CBM 143 Extra"]
[Source "ChessBase"]
[SourceDate "2011.08.29"]
[SourceVersion "1"]
[SourceVersionDate "2011.08.29"]
[SourceQuality "1"]

1. d4 d5 2. Nf3 e6 3. e3 c5 4. c4 Nf6 5. cxd5 Nxd5 6. e4 Nb6 7. Bb5+ Bd7 8. a4 Bxb5 9. axb5 cxd4 10. Qxd4 Qxd4 11. Nxd4 N8d7 12. 0-0 Bc5 13. Nb3 0-0 14. Nxc5 Nxc5 15. Nc3 Nb3 16. Rb1 Nc4 17. Re1 Rfd8 18. f3 Nxc1 19. Rbxc1 Nxb2 20. Rc2 Nd3 21. Rd1 Rac8 22. Kf1 Kf8 23. Ra1 a6 24. bxa6 bxa6 25. Ra3 Nb4 26. Rb2 Rd4 27. Ke2 Rdc4 28. Kd2 Rd8+ 29. Ke2 Nd3 30. Rc2 Nf4+ 31. Kf2 f5 32. exf5 exf5 33. Rca2 Nd3+ 34. Kf1 Nb4 35. Re2 Rd3 36. Rb2 a5 0-1

[Event "North American op 30th"]
[Site "Stillwater"]
[Date "2011.05.27"]
[Round "3"]
[White "Galant, Sergey"]
[Black "Langer, Mikhail"]
[Result "1/2-1/2"]
[WhiteElo "2158"]
[BlackElo "2267"]
[PlyCount "27"]
[EventDate "2011.05.27"]
[EventType "swiss"]
[EventRounds "11"]
[EventCountry "USA"]
[SourceTitle "CBM 142 Extra"]
[Source "ChessBase"]
[SourceDate "2011.06.27"]
[SourceVersion "1"]
[SourceVersionDate "2011.06.27"]
[SourceQuality "1"]

1. e4 c5 2. c3 d6 3. d4 Nf6 4. Bb5+ Bd7 5. Qe2 Bxb5 6. Qxb5+ Qd7 7. Qxd7+ Nbxd7 8. f3 g6 9. Ne2 Bg7 10. Be3 Rc8 11. Na3 cxd4 12. cxd4 a6 13. 0-0 0-0 14. Rac1 1/2-1/2

[Event "Stillwater Hanken Winter op 2nd"]
[Site "Stillwater"]
[Date "2011.02.21"]
[Round "7"]
[White "Galant, Sergey"]
[Black "Xiong, Jeffery"]
[Result "1-0"]
[WhiteElo "2161"]
[BlackElo "1880"]
[PlyCount "129"]
[EventDate "2011.02.19"]
[EventType "swiss"]
[EventRounds "7"]
[EventCountry "USA"]
[SourceTitle "CBM 141 Extra"]
[Source "ChessBase"]
[SourceDate "2011.05.03"]
[SourceVersion "1"]
[SourceVersionDate "2011.05.03"]
[SourceQuality "1"]

1. e4 c5 2. c3 Nf6 3. e5 Nd5 4. Bc4 Nb6 5. Bb3 d6 6. exd6 Qxd6 7. Ne2 Nc6 8. d4 cxd4 9. Nxd4 Nxd4 10. Qxd4 Qxd4 11. cxd4 g6 12. Nc3 Bd7 13. 0-0 Bg7 14. d5 0-0 15. Re1 Rfe8 16. Bg5 e6 17. dxe6 Bxe6 18. Bxe6 Rxe6 19. Rxe6 fxe6 20. Re1 h6 21. Bc1 Rd8 22. g3 Nc4 23. Rd1 Rxd1+ 24. Nxd1 Ne5 25. b3 Nd3 26. Bd2 Ne5 27. Bc3 Kf7 28. Kf1 Nc6 29. Bxg7 Kxg7 30. Ke2 Kf6 31. Nc3 g5 32. h3 Kf5 33. Ke3 b6 34. Ne4 Nb4 35. Nd6+ Kf6 36. a4 e5 37. Ke4 Na6 38. Kd5 Nb4+ 39. Kc4 Nc6 40. g4 Ne7 41. Kb5 Ke6 42. Nc4 Kd5 43. Ka6 Nc6 44. Ne3+ Ke4 45. Kb7 Na5+ 46. Kxa7 Nxb3 47. Kxb6 Kf3 48. Nc4 e4 49. Nd6 Nd2 50. a5 Kxf2 51. Nxe4+ Nxe4 52. Kc6 Kg3 53. a6 Nf2 54. a7 Nxh3 55. a8Q Kxg4 56. Qc8+ Kh4 57. Kd5 h5 58. Ke4 g4 59. Qf5 Ng5+ 60. Ke3 Nh3 61. Qf6+ Kg3 62. Qe5+ Kh4 63. Ke2 Ng1+ 64. Kf2 Nh3+ 65. Kf1 1-0

[Event "Red River Shootout 08th"]
[Site "Davis"]
[Date "2010.04.18"]
[Round "2"]
[White "Galant, Sergey"]
[Black "Schoonmaker, Nicholas"]
[Result "1/2-1/2"]
[WhiteElo "2183"]
[BlackElo "2214"]
[PlyCount "61"]
[EventDate "2010.04.18"]
[EventType "team-match"]
[EventRounds "2"]
[EventCountry "USA"]
[SourceTitle "CBM 136 Extra"]
[Source "ChessBase"]
[SourceDate "2010.07.02"]
[SourceVersion "2"]
[SourceVersionDate "2010.07.15"]
[SourceQuality "1"]

1. e4 g6 2. Nf3 Bg7 3. d4 d6 4. Bc4 e6 5. 0-0 Ne7 6. Nc3 a6 7. d5 e5 8. h3 0-0 9. Nh2 f5 10. f4 Nd7 11. exf5 Nxf5 12. Ne4 exf4 13. Rxf4 g5 14. Rf1 Nc5 15. Bxg5 Qe8 16. Nf2 Ne4 17. Re1 Nxf2 18. Rxe8 Nxd1 19. Rxf8+ Kxf8 20. Rxd1 Bd4+ 21. Kf1 Be3 22. g4 Bxg5 23. gxf5 Bxf5 24. Bd3 Bxh3+ 25. Kf2 Bh4+ 26. Kg1 Ke7 27. Bxh7 Rh8 28. Be4 Rg8+ 29. Kh1 Bf2 30. Nf3 Bg2+ 31. Kh2 1/2-1/2

[Event "Red River Shootout 08th"]
[Site "Davis"]
[Date "2010.04.18"]
[Round "1"]
[White "Schoonmaker, Nicholas"]
[Black "Galant, Sergey"]
[Result "1-0"]
[WhiteElo "2214"]
[BlackElo "2183"]
[PlyCount "81"]
[EventDate "2010.04.18"]
[EventType "team-match"]
[EventRounds "2"]
[EventCountry "USA"]
[SourceTitle "CBM 136 Extra"]
[Source "ChessBase"]
[SourceDate "2010.07.02"]
[SourceVersion "2"]
[SourceVersionDate "2010.07.15"]
[SourceQuality "1"]

1. e4 c5 2. Nc3 Nc6 3. g3 g6 4. Bg2 Bg7 5. d3 e6 6. Be3 Qa5 7. Nge2 Nd4 8. 0-0 Nxe2+ 9. Qxe2 Ne7 10. f4 Bd4 11. f5 d6 12. fxe6 fxe6 13. Qf2 Bxe3 14. Qxe3 Qb4 15. Qf4 Qd4+ 16. Kh1 Qe5 17. Qf7+ Kd8 18. Rad1 Bd7 19. d4 cxd4 20. Ne2 Be8 21. Qf2 Nc6 22. Nxd4 Nxd4 23. Rxd4 Rc8 24. Rfd1 Rc6 25. c4 Kc7 26. b4 a6 27. a4 g5 28. b5 Rc5 29. Rxd6 Bh5 30. Rxe6 Qxe6 31. Qxc5+ Kb8 32. Qd6+ Qxd6 33. Rxd6 axb5 34. axb5 Be2 35. b6 Bxc4 36. e5 Bb5 37. Bh3 h5 38. Bf5 Bc6+ 39. Kg1 h4 40. g4 Re8 41. e6 1-0

[Event "Oklahoma City op"]
[Site "Oklahoma"]
[Date "2009.07.26"]
[Round "5"]
[White "Galant, Sergey"]
[Black "Braunlich, Tom"]
[Result "0-1"]
[WhiteElo "2183"]
[BlackElo "2176"]
[PlyCount "104"]
[EventDate "2009.07.25"]
[EventType "swiss"]
[EventRounds "5"]
[EventCountry "USA"]
[SourceTitle "CBM 131 Extra"]
[Source "ChessBase"]
[SourceDate "2009.09.03"]
[SourceVersion "2"]
[SourceVersionDate "2009.09.16"]
[SourceQuality "1"]

1. e4 c6 2. Nf3 d5 3. exd5 cxd5 4. d4 Nc6 5. c3 Qc7 6. Na3 a6 7. Nc2 Bg4 8. h3 Bh5 9. Be2 e6 10. 0-0 Bd6 11. Re1 Bxf3 12. Bxf3 Nge7 13. Ne3 0-0 14. Nf1 b5 15. a3 a5 16. Bg5 Rab8 17. Rc1 Bf4 18. Bxf4 Qxf4 19. g3 Qd6 20. Qd3 b4 21. axb4 axb4 22. Bd1 bxc3 23. bxc3 Rfc8 24. Bc2 Ng6 25. h4 Nf8 26. Ne3 Na5 27. h5 h6 28. Ng4 Nc4 29. Qf3 Rc7 30. Bd3 f5 31. Nh2 Rbc8 32. Nf1 Nb2 33. Rc2 Na4 34. Rec1 Qa3 35. Bxf5 exf5 36. Qxd5+ Kh8 37. c4 Nb6 38. Qb5 Nfd7 39. Ne3 Qd3 40. Rd1 Qe4 41. Qb3 Qe6 42. Qd3 Nxc4 43. Nxc4 Rxc4 44. Re2 Qd5 45. Re7 Rc3 46. Qd2 Nf6 47. Rde1 Ne4 48. Qf4 Rc2 49. Re5 Qxd4 50. Rxf5 Rxf2 51. Rxe4 Rxf4+ 52. Rxd4 Rxd4 0-1

[Event "North American op 27th"]
[Site "Stillwater"]
[Date "2009.05.25"]
[Round "6"]
[White "Galant, Sergey"]
[Black "Long, James"]
[Result "0-1"]
[WhiteElo "2183"]
[BlackElo "2019"]
[PlyCount "112"]
[EventDate "2009.05.23"]
[EventType "swiss"]
[EventRounds "7"]
[EventCountry "USA"]
[SourceTitle "CBM 130 Extra"]
[Source "ChessBase"]
[SourceDate "2009.07.02"]
[SourceVersion "2"]
[SourceVersionDate "2009.07.15"]
[SourceQuality "1"]

1. e4 d5 2. exd5 Qxd5 3. Nc3 Qa5 4. d4 c6 5. Bd3 Nf6 6. Nge2 Bg4 7. f3 Bh5 8. 0-0 e6 9. Bf4 Be7 10. Qe1 Bg6 11. Nb5 Bb4 12. c3 cxb5 13. cxb4 Qb6 14. Bxg6 hxg6 15. Rc1 Nc6 16. Be3 Nd5 17. Qd2 Ncxb4 18. a3 Nc6 19. Bf2 0-0 20. Nc3 Rfd8 21. Ne4 Rac8 22. Rfd1 Qc7 23. Qg5 Qf4 24. Rc5 Qxg5 25. Nxg5 a6 26. Ne4 b6 27. Rcc1 Na5 28. Nd2 Nf4 29. Rxc8 Rxc8 30. b4 Nc4 31. Nxc4 bxc4 32. Be3 Nd5 33. Kf2 b5 34. Rc1 Kf8 35. Ke2 Ke7 36. Kd2 Rh8 37. h3 f6 38. Rc2 Rd8 39. Ke2 Kd6 40. Rc1 Kc6 41. Rc2 Kb6 42. Bd2 Ne7 43. Be3 Rd5 44. Bf2 a5 45. bxa5+ Kxa5 46. Rd2 Ka4 47. Kd1 Kxa3 48. Re2 e5 49. Kc1 Nc6 50. Re3+ Ka4 51. dxe5 Nxe5 52. Bg3 b4 53. f4 Rd3 54. Re4 Rc3+ 55. Kd1 Nd3 56. Bh4 b3 0-1

[Event "Tulsa Okie Challengers"]
[Site "Tulsa"]
[Date "2008.09.01"]
[Round "7"]
[White "Orton, William R"]
[Black "Galant, Sergey"]
[Result "1/2-1/2"]
[WhiteElo "2166"]
[BlackElo "2196"]
[PlyCount "56"]
[EventDate "2008.08.30"]
[EventType "tourn"]
[EventRounds "7"]
[EventCountry "USA"]
[SourceTitle "CBM 126 Extra"]
[Source "ChessBase"]
[SourceDate "2008.11.05"]
[SourceVersion "1"]
[SourceVersionDate "2008.11.05"]
[SourceQuality "1"]

1. e4 e6 2. d4 d5 3. e5 c5 4. c3 f5 5. f4 Nc6 6. Nf3 Bd7 7. a3 Nh6 8. b4 c4 9. h3 Be7 10. Be3 b5 11. Be2 a5 12. Nbd2 0-0 13. 0-0 axb4 14. axb4 Qb6 15. Qb1 Qb7 16. Qb2 Rxa1 17. Rxa1 Ra8 18. Ra3 Rxa3 19. Qxa3 Qa7 20. Qxa7 Nxa7 21. Ne1 Nf7 22. Ndf3 Nc8 23. Bd1 Nb6 24. g4 g6 25. gxf5 gxf5 26. Kg2 Nd8 27. Bd2 Nc6 28. Kg3 Kg7 1/2-1/2

[Event "USA-ch"]
[Site "Tulsa"]
[Date "2008.05.13"]
[Round "5"]
[White "Galant, Sergey"]
[Black "Ippolito, Dean"]
[Result "0-1"]
[WhiteElo "2235"]
[BlackElo "2425"]
[PlyCount "60"]
[EventDate "2008.05.13"]
[EventType "swiss"]
[EventRounds "9"]
[EventCountry "USA"]
[SourceTitle "CBM 124 Extra"]
[Source "ChessBase"]
[SourceDate "2008.07.03"]
[SourceVersion "1"]
[SourceVersionDate "2008.07.03"]
[SourceQuality "1"]

1. e4 e5 2. Bc4 Nc6 3. Nf3 Bc5 4. c3 Nf6 5. d3 a6 6. 0-0 Ba7 7. a4 d6 8. h3 0-0 9. Bg5 h6 10. Bh4 Be6 11. Nbd2 Qe7 12. Nh2 Kh7 13. Kh1 Rg8 14. Bxe6 fxe6 15. Bxf6 gxf6 16. b4 f5 17. b5 Qg5 18. g4 axb5 19. axb5 Ne7 20. Ndf3 Qf6 21. gxf5 exf5 22. Qe2 Ng6 23. exf5 Qxf5 24. Qe4 Qxe4 25. dxe4 Bb6 26. Ng4 Raf8 27. Ng1 Nf4 28. Kh2 Nd3 29. f3 h5 30. Rad1 Nf4 0-1

[Event "USA-ch"]
[Site "Tulsa"]
[Date "2008.05.13"]
[Round "1"]
[White "Galant, Sergey"]
[Black "Kudrin, Sergey"]
[Result "0-1"]
[WhiteElo "2235"]
[BlackElo "2549"]
[PlyCount "89"]
[EventDate "2008.05.13"]
[EventType "swiss"]
[EventRounds "9"]
[EventCountry "USA"]
[SourceTitle "CBM 124 Extra"]
[Source "ChessBase"]
[SourceDate "2008.07.03"]
[SourceVersion "1"]
[SourceVersionDate "2008.07.03"]
[SourceQuality "1"]

1. e4 c5 2. c3 d5 3. exd5 Qxd5 4. d4 g6 5. Na3 Bg7 6. Nf3 cxd4 7. Bc4 Qe4+ 8. Be3 Nh6 9. Nb5 Na6 10. cxd4 0-0 11. 0-0 Nf5 12. Ng5 Nxe3 13. Nxe4 Nxd1 14. Raxd1 Bd7 15. Nbc3 Rfd8 16. Nd5 Kf8 17. Rfe1 Be6 18. Nec3 Rac8 19. Bb3 Nc7 20. Nxe7 Kxe7 21. d5 Bxc3 22. bxc3 Nxd5 23. Rxd5 Rxd5 24. Bxd5 Rxc3 25. Bxb7 Kd6 26. f3 Ra3 27. Kf2 Rxa2+ 28. Kg3 a5 29. Rc1 a4 30. Rc6+ Ke7 31. Bc8 Bd5 32. Rc7+ Kd6 33. Rd7+ Kc5 34. Rc7+ Kb6 35. Rd7 Bc4 36. Bb7 a3 37. Be4 Ra1 38. Bd5 Bxd5 39. Rxd5 Rc1 40. Rd2 Kb5 41. Kf4 f6 42. g4 Kb4 43. Rd7 a2 44. Rb7+ Kc3 45. Rb4 0-1

[Event "USA-ch"]
[Site "Tulsa"]
[Date "2008.05.13"]
[Round "9"]
[White "Ludwig, Daniel"]
[Black "Galant, Sergey"]
[Result "1/2-1/2"]
[WhiteElo "2357"]
[BlackElo "2235"]
[PlyCount "83"]
[EventDate "2008.05.13"]
[EventType "swiss"]
[EventRounds "9"]
[EventCountry "USA"]
[SourceTitle "CBM 124 Extra"]
[Source "ChessBase"]
[SourceDate "2008.07.03"]
[SourceVersion "1"]
[SourceVersionDate "2008.07.03"]
[SourceQuality "1"]

1. e4 e6 2. d4 d5 3. Nd2 dxe4 4. Nxe4 Nd7 5. Nf3 Ngf6 6. Nxf6+ Nxf6 7. c3 c5 8. Ne5 a6 9. Bg5 Qc7 10. Qa4+ Nd7 11. Bf4 Bd6 12. Bb5 Bxe5 13. Bxe5 Qb6 14. Bxd7+ Bxd7 15. Qa3 f6 16. Bg3 cxd4 17. 0-0 dxc3 18. bxc3 Kf7 19. Rab1 Qc6 20. Qa5 Rhe8 21. Rb6 Qc8 22. Qh5+ Kg8 23. Rb4 e5 24. f4 Bg4 25. Qh4 e4 26. Re1 e3 27. h3 Bf5 28. Qh5 b5 29. Qf3 Qxc3 30. Rb3 Qc5 31. Rbxe3 Rxe3 32. Rxe3 Re8 33. Bf2 Rxe3 34. Bxe3 Qc4 35. Qa8+ Bc8 36. a3 h6 37. Qa7 Qe4 38. Qd4 Bb7 39. Qxe4 Bxe4 40. Bc5 Kf7 41. Kf2 g6 42. g3 1/2-1/2

[Event "USA-ch Qualifier"]
[Site "Tulsa"]
[Date "2008.03.30"]
[Round "7"]
[White "Galant, Sergey"]
[Black "Itkis, Hana"]
[Result "0-1"]
[WhiteElo "2248"]
[BlackElo "2065"]
[PlyCount "116"]
[EventDate "2008.03.28"]
[EventType "swiss"]
[EventRounds "7"]
[EventCountry "USA"]
[SourceTitle "CBM 123 Extra"]
[Source "ChessBase"]
[SourceDate "2008.05.06"]
[SourceVersion "1"]
[SourceVersionDate "2008.05.06"]
[SourceQuality "1"]

1. e4 d6 2. Nf3 g6 3. d4 Bg7 4. c3 Nf6 5. Bd3 0-0 6. 0-0 Nc6 7. Nbd2 e5 8. Nb3 Re8 9. Re1 a6 10. h3 Nh5 11. Bg5 Bf6 12. Qd2 Bxg5 13. Qxg5 Qxg5 14. Nxg5 h6 15. Nf3 Nf4 16. Bc4 Kg7 17. Rad1 f6 18. Kh2 g5 19. Nbd2 h5 20. Nf1 g4 21. Ng1 Ne7 22. Ne3 Neg6 23. hxg4 hxg4 24. g3 Ne6 25. Nf5+ Kf8 26. Be2 Ng5 27. Bxg4 exd4 28. Bh5 Bxf5 29. exf5 Rxe1 30. Rxe1 Ne7 31. cxd4 Nxf5 32. f4 Nf7 33. Nf3 Re8 34. Rxe8+ Kxe8 35. g4 Ng7 36. Bg6 Ke7 37. Kg3 Nd8 38. Bd3 Nde6 39. d5 Nd8 40. Nd4 Kd7 41. Kh4 c6 42. dxc6+ Nxc6 43. Nxc6 Kxc6 44. f5 Kd5 45. g5 Ke5 46. Kg4 fxg5 47. Kxg5 Ne8 48. b3 d5 49. Bc2 d4 50. Kg6 Nf6 51. Bd3 Nd5 52. Bb1 d3 53. Bxd3 Nf4+ 54. Kg7 Nxd3 55. f6 Nf4 56. Kf7 Nd5 57. Ke8 Nxf6+ 58. Kd8 Kd6 0-1

[Event "USA-ch Qualifier"]
[Site "Tulsa"]
[Date "2008.03.29"]
[Round "3"]
[White "Galant, Sergey"]
[Black "Yanayt, Eugene"]
[Result "1/2-1/2"]
[WhiteElo "2248"]
[BlackElo "2255"]
[PlyCount "55"]
[EventDate "2008.03.28"]
[EventType "swiss"]
[EventRounds "7"]
[EventCountry "USA"]
[SourceTitle "CBM 123 Extra"]
[Source "ChessBase"]
[SourceDate "2008.05.06"]
[SourceVersion "1"]
[SourceVersionDate "2008.05.06"]
[SourceQuality "1"]

1. e4 c5 2. c3 Nf6 3. e5 Nd5 4. Nf3 Nc6 5. d4 cxd4 6. cxd4 d6 7. exd6 Qxd6 8. Nc3 Bg4 9. Be2 e6 10. 0-0 Be7 11. Qb3 0-0 12. Qxb7 Rab8 13. Qa6 Bxf3 14. Bxf3 Nxd4 15. Qxd6 Nxf3+ 16. gxf3 Bxd6 17. Nxd5 exd5 18. Rd1 Rfd8 19. Be3 Rxb2 20. Bxa7 Be5 21. Bd4 Bxd4 22. Rxd4 Rb5 23. a4 Ra5 24. Rb1 g6 25. Kf1 Rda8 26. Rb5 Rxa4 27. Rxa4 Rxa4 28. Rxd5 1/2-1/2

[Event "Stillwater Winter op"]
[Site "Oklahoma"]
[Date "2008.02.18"]
[Round "7"]
[White "Galant, Sergey"]
[Black "Braunlich, Tom"]
[Result "1/2-1/2"]
[WhiteElo "2248"]
[BlackElo "2164"]
[PlyCount "45"]
[EventDate "2008.02.16"]
[EventType "swiss"]
[EventRounds "7"]
[EventCountry "USA"]
[SourceTitle "CBM 122 Extra"]
[Source "ChessBase"]
[SourceDate "2008.03.04"]
[SourceVersion "1"]
[SourceVersionDate "2008.03.04"]
[SourceQuality "1"]

1. e4 c6 2. Nf3 d5 3. Nc3 Bg4 4. d3 Nf6 5. h3 Bxf3 6. Qxf3 e6 7. Be2 Be7 8. 0-0 Nbd7 9. Qg3 0-0 10. e5 Ne8 11. Bg4 Nc7 12. Ne2 Kh8 13. c3 Rg8 14. d4 a5 15. f4 f5 16. exf6 gxf6 17. f5 e5 18. Qh4 Ne8 19. Bh5 Nd6 20. Bg6 Nf8 21. Bh5 Nd7 22. Bg6 Nf8 23. Bh5 1/2-1/2

[Event "Stillwater Winter op"]
[Site "Oklahoma"]
[Date "2008.02.18"]
[Round "6"]
[White "Orton, William R"]
[Black "Galant, Sergey"]
[Result "1/2-1/2"]
[WhiteElo "2158"]
[BlackElo "2248"]
[PlyCount "47"]
[EventDate "2008.02.16"]
[EventType "swiss"]
[EventRounds "7"]
[EventCountry "USA"]
[SourceTitle "CBM 122 Extra"]
[Source "ChessBase"]
[SourceDate "2008.03.04"]
[SourceVersion "1"]
[SourceVersionDate "2008.03.04"]
[SourceQuality "1"]

1. e4 c5 2. c3 Nf6 3. e5 Nd5 4. d4 cxd4 5. cxd4 e6 6. Nf3 d6 7. a3 Nd7 8. Bd3 dxe5 9. dxe5 Qc7 10. 0-0 Be7 11. Re1 Nc5 12. Bc2 a5 13. Bd2 Bd7 14. Nc3 Nxc3 15. Bxc3 Rd8 16. Qd4 Bb5 17. Qg4 0-0 18. Re3 Bd3 19. Bxd3 Rxd3 20. Rxd3 Nxd3 21. Qe4 Rd8 22. Rd1 Nc5 23. Rxd8+ Qxd8 24. Qd4 1/2-1/2

[Event "Stillwater Winter op"]
[Site "Oklahoma"]
[Date "2008.02.17"]
[Round "5"]
[White "Galant, Sergey"]
[Black "Simms, Gary M"]
[Result "1/2-1/2"]
[WhiteElo "2248"]
[BlackElo "2128"]
[PlyCount "74"]
[EventDate "2008.02.16"]
[EventType "swiss"]
[EventRounds "7"]
[EventCountry "USA"]
[SourceTitle "CBM 122 Extra"]
[Source "ChessBase"]
[SourceDate "2008.03.04"]
[SourceVersion "1"]
[SourceVersionDate "2008.03.04"]
[SourceQuality "1"]

1. e4 c5 2. c3 e5 3. Nf3 Nc6 4. Bc4 Qc7 5. 0-0 Nf6 6. Ng5 Nd8 7. d3 Ne6 8. Nxe6 dxe6 9. a4 Be7 10. Na3 a6 11. Nc2 0-0 12. Ne3 b6 13. Ng4 Nxg4 14. Qxg4 Kh8 15. Qh5 f5 16. exf5 exf5 17. f4 g6 18. Qh6 Bb7 19. fxe5 Qxe5 20. Bf4 Qg7 21. Rfe1 Bf6 22. Qxg7+ Kxg7 23. Bc7 b5 24. axb5 axb5 25. Bxb5 Bd5 26. Bd6 Rfc8 27. Rxa8 Bxa8 28. Be5 Bd5 29. Bxf6+ Kxf6 30. Ra1 Rc7 31. Kf2 f4 32. Ra4 g5 33. Bc4 Ke5 34. Bxd5 Kxd5 35. Ra5 Ke6 36. Rb5 g4 37. c4 h5 1/2-1/2